000 00664cam a22002291 4500
001 sa 65001841
003 DLC
005 20260227112112.0
008 890913s1963 ii a b 000 0 hino
010 _asa 65001841
035 _a(OCoLC)20337503
040 _aDLC
_cWaU
_dDLC
042 _apremarc
050 0 0 _aPK2916
_b.V57
100 0 _aVishṇusvarūpa.
245 1 0 _aKavisamaya-mīmāṃsā.
260 _c[1963]
300 _a2, 12, 311 p.
_bcol. illus.
_c23 cm.
410 2 0 _aHindu University, Benares, India.
_tŚrī Lakshmaṇasvarūpa Hindī granthamālā,
_v2
504 _aBibliography: p. [306]-311.
650 0 _aIndic poetry
_xThemes, motives.
999 _c62276
_d62276